000 00548nam a2200205 u 4500
005 20230202063729.0
008 100603s2008 mx r 000 0 spa d
020 _a9786074290448
035 _aUPN01000176305
049 _aCG
050 4 _aPQ7298.22 A9.4
_bC3.3
100 1 _aLavín, Mónica,
_d1955-
_938815
245 1 0 _aCafé cortado /
_cMónica Lavín.
260 _aMéxico :
_bDebolsillo,
_c2008.
300 _a223 p.
440 0 _aContemporánea
650 4 _aNovela mexicana
_ySiglo XX
_96052
905 _aLibro
999 _c148408
_d148408